| 000 | 00691nam a22001817a 4500 | ||
|---|---|---|---|
| 999 |
_c11691 _d11691 |
||
| 003 | AR-CdUCM | ||
| 008 | 190404b ||||| |||| 00| 0 spa d | ||
| 040 |
_aMUNICIPALIDAD PROVINCIAL DEL CUSCO _cBIBLIOTECA MUNICIPAL DEL CUSCO |
||
| 082 |
_a595.7 / _bB78 |
||
| 100 |
_aBouvier,E.L. _929181 |
||
| 245 | _aEl comunismo en los insectos / | ||
| 260 |
_aMadrid : _bAguilar, |
||
| 300 |
_a319 paginas ; _c19 cm. |
||
| 505 | _aContenido :Naturaleza de las sociedades comunistas de los insectos --Génesis y evolución de las sociedades comunistas de insectos --El mecanismo de las sociedades comunistas de insectos ... | ||
| 650 |
_aEntomología _918877 |
||
| 942 |
_2ddc _cLIBROS |
||
| 945 | _arjall | ||